000 01093cam a2200349 a 4500
001 5726
003 FISKH
005 20250116122514.0
008 080220s2009 nyua a 000 1 eng
010 _a 2008923461
020 _a9780060835507 (trade bdg.)
020 _a9780060835491 (pbk bdg.)
020 _a9780060835491
040 _aDLC
_cDLC
_beng
042 _alcac
050 _aPZ7.M462
082 _a331
100 1 _aMayer, Mercer,
_d1943-
245 1 0 _aThis is my town /
_cby Mercer Mayer.
260 _aNew York :
_bHarperCollins Children's Books,
_c2009.
300 _a32 pages :
_bcolor illustrations ;
_c23 cm
490 0 _aMy first I can read
500 _a"Mercer Mayer's Little Critter"--P. [1] of cover.
505 _aF
520 _aLittle Critter introduces his town, showing the reader everything from the post office to the movie theater.
521 8 _a310
_bLexile AD
521 8 _aF
_bRaz-Plus
650 1 _aCity and town life
_vFiction.
906 _a7
_bcbc
_corignew
_d2
_eepcn
_f20
_gy-gencatlg
942 _2ddc
_cBK
_n0
999 _c5726
_d5726